Juges des enfants, pédopsychiatres : vers de nouvelles obligations réciproques (notice n° 1586995)

détails MARC
000 -LEADER
fixed length control field 01508cam a2200277 4500500
005 - DATE AND TIME OF LATEST TRANSACTION
control field 20251228060116.0
041 ## - LANGUAGE CODE
Language code of text/sound track or separate title fre
042 ## - AUTHENTICATION CODE
Authentication code dc
100 10 - MAIN ENTRY--PERSONAL NAME
Personal name Mabrut, Jean-Paul
Relator term author
245 00 - TITLE STATEMENT
Title Juges des enfants, pédopsychiatres : vers de nouvelles obligations réciproques
260 ## - PUBLICATION, DISTRIBUTION, ETC.
Date of publication, distribution, etc. 2005.<br/>
500 ## - GENERAL NOTE
General note 65
520 ## - SUMMARY, ETC.
Summary, etc. Résumé Des troubles de comportement amènent certains jeunes sujets devant la justice. Comment organiser avec les juges pour enfants une meilleure approche thérapeutique et sociale de ces jeunes. Les auteurs fournissent quelques pistes de réflexion inspirées d’une expérience conduite à Clermont-Ferrand entre juges et psychiatres.
520 ## - SUMMARY, ETC.
Summary, etc. Summary Behaviour disorders may bring some youngsters before the courts. How a better therapeutic and social approach for these youngsters could be organized with the juvenile court judges? The authors of this article give some clues derived from a true experiment carried out with magistrates and psychiatrics in Clermont Ferrand.
690 ## - LOCAL SUBJECT ADDED ENTRY--TOPICAL TERM (OCLC, RLIN)
Topical term or geographic name as entry element abus sexuels
690 ## - LOCAL SUBJECT ADDED ENTRY--TOPICAL TERM (OCLC, RLIN)
Topical term or geographic name as entry element délinquance
690 ## - LOCAL SUBJECT ADDED ENTRY--TOPICAL TERM (OCLC, RLIN)
Topical term or geographic name as entry element expertise clinique
690 ## - LOCAL SUBJECT ADDED ENTRY--TOPICAL TERM (OCLC, RLIN)
Topical term or geographic name as entry element OPP
690 ## - LOCAL SUBJECT ADDED ENTRY--TOPICAL TERM (OCLC, RLIN)
Topical term or geographic name as entry element pathologie
690 ## - LOCAL SUBJECT ADDED ENTRY--TOPICAL TERM (OCLC, RLIN)
Topical term or geographic name as entry element juvenile court
690 ## - LOCAL SUBJECT ADDED ENTRY--TOPICAL TERM (OCLC, RLIN)
Topical term or geographic name as entry element magistrates and psychiatrics collaboration
690 ## - LOCAL SUBJECT ADDED ENTRY--TOPICAL TERM (OCLC, RLIN)
Topical term or geographic name as entry element young offender
700 10 - ADDED ENTRY--PERSONAL NAME
Personal name Turbe, Sabine
Relator term author
786 0# - DATA SOURCE ENTRY
Note Enfances & Psy | 30 | 1 | 2005-12-01 | p. 134-143 | 1286-5559
856 41 - ELECTRONIC LOCATION AND ACCESS
Uniform Resource Identifier <a href="https://shs.cairn.info/revue-enfances-et-psy-2006-1-page-134?lang=fr&redirect-ssocas=7080">https://shs.cairn.info/revue-enfances-et-psy-2006-1-page-134?lang=fr&redirect-ssocas=7080</a>

Pas d'exemplaire disponible.

PLUDOC

PLUDOC est la plateforme unique et centralisée de gestion des bibliothèques physiques et numériques de Guinée administré par le CEDUST. Elle est la plus grande base de données de ressources documentaires pour les Étudiants, Enseignants chercheurs et Chercheurs de Guinée.

Adresse

627 919 101/664 919 101

25 boulevard du commerce
Kaloum, Conakry, Guinée

Réseaux sociaux

Powered by Netsen Group @ 2025